000
00318nam a22001337a 4500
008
190129b xxu||||| |||| 00| 0 eng d
020
_a
9780205503476
041
_a
eng
080
_2
6th
_a
321
100
_a
19
101
_a
SHP
245
_a
Social Welfare Politics and Public Policy
_c
DiNitto,D.M
942
_2
udc
_c
BK
999
_c
53870
_d
53870